书目信息 |
| 题名: |
城市综合体的协同效应研究 : 理论·案例·策略·趋势
|
|
| 作者: | 王桢栋 著 | |
| 分册: | ||
| 出版信息: | 北京 中国建筑工业出版社 2018.09 |
|
| 页数: | 194页 | |
| 开本: | 20cm | |
| 丛书名: | ||
| 单 册: | ||
| 中图分类: | TU984 | |
| 科图分类: | ||
| 主题词: | 城市规划 | |
| 电子资源: | ||
| ISBN: | 978-7-112-22204-9 | |
| 000 | 00642nam0 2200193 45 | |
| 001 | 1940681418 | |
| 005 | 20190305085848.28 | |
| 010 | @a978-7-112-22204-9@dRMB 50.00 | |
| 100 | @a20190304d2018 km y0chiy0120 ea | |
| 101 | 0 | @achi |
| 102 | @aCN@b110000 | |
| 200 | 1 | @a城市综合体的协同效应研究 : 理论·案例·策略·趋势@Acheng shi zong he ti de xie tong xiao ying yan jiu:li lun·an li·ce lue·qu shi@f王桢栋著@Fwang zhen dong zhu |
| 210 | @a北京@c中国建筑工业出版社@d2018.09 | |
| 215 | @a194页@d20cm | |
| 606 | 0 | @a城市规划 |
| 690 | @aTU984@v4 | |
| 701 | 0 | @a王桢栋@Awang zhen dong@4著 |
| 801 | 0 | @aCN@bPFT@c20190305 |
| 905 | @a10447@dTU984@eW460 | |
| 城市综合体的协同效应研究 : 理论·案例·策略·趋势/王桢栋著.-北京:中国建筑工业出版社,2018.09 |
| 194页;20cm |
| ISBN 978-7-112-22204-9:RMB 50.00 |
| ● |
| 相关链接 |
|
|
|
正题名:城市综合体的协同效应研究 : 理论·案例·
索取号:TU984/W460
 
预约/预借
| 序号 | 登录号 | 条形码 | 馆藏地/架位号 | 状态 | 备注 |
| 1 | 1304562 | 213045621 | 建筑库201/201建筑库 61排2列5层/ [索取号:TU984/W460] | 在馆 |